00458nam a2200169 a 45000010005000000030009000050080041000140200015000550400028000700820019000981000026001172450072001432500007002152600036002223000009002586500021002675543CO-ViMGA141112s2004 ck r 000 u spa d a9505083181 aCO-ViMGAbspacCO-ViMGA04a342.066 A581dp1 aAlvarez Juliá, Luis10aManual de derecho procesal / cNeuss Germán R.J. , Wagner Horacio a2a aBuenos Aires : bAstrea, c1992 a47 p14aDERECHO PROCESAL